New english arts and skills fourth year (Record no. 35898)
[ view plain ]
| 000 -LEADER | |
|---|---|
| fixed length control field | 00472nam a22001697a 4500 |
| 003 - CONTROL NUMBER IDENTIFIER | |
| control field | OSt |
| 005 - DATE AND TIME OF LATEST TRANSACTION | |
| control field | 20140311134815.0 |
| 008 - FIXED-LENGTH DATA ELEMENTS--GENERAL INFORMATION | |
| fixed length control field | 130531t xxu||||| |||| 00| 0 eng d |
| 020 ## - INTERNATIONAL STANDARD BOOK NUMBER | |
| International Standard Book Number | 9710851764 |
| 050 ## - LIBRARY OF CONGRESS CALL NUMBER | |
| Classification number | PE 1065 |
| Item number | .N433 1992 |
| 082 ## - DEWEY DECIMAL CLASSIFICATION NUMBER | |
| Classification number | FIL 428.2 |
| Item number | N34 1992 |
| 245 ## - TITLE STATEMENT | |
| Title | New english arts and skills fourth year |
| Statement of responsibility, etc | Nem Singh, Rosario P. |
| 260 ## - PUBLICATION, DISTRIBUTION, ETC. (IMPRINT) | |
| Place of publication, distribution, etc | Philippines |
| Name of publisher, distributor, etc | National Book Store |
| Date of publication, distribution, etc | c1992 |
| 300 ## - PHYSICAL DESCRIPTION | |
| Extent | 213 p. |
| Dimensions | 22 cm |
| 942 ## - ADDED ENTRY ELEMENTS (KOHA) | |
| Source of classification or shelving scheme | Library of Congress Classification |
| Koha item type | Books |
| Call number prefix | Filipininana |
| Withdrawn status | Lost status | Source of classification or shelving scheme | Damaged status | Home library | Current library | Shelving location | Date acquired | Total Checkouts | Full call number | Barcode | Date last seen | Copy number | Price effective from | Koha item type |
|---|---|---|---|---|---|---|---|---|---|---|---|---|---|---|
| Library of Congress Classification | College Library | College Library | Filipiniana Section | 05/31/2013 | PE 1065 .N433 1992 | C4260 | 12/12/2023 | 1 | 05/31/2013 | Books |